1412 1935 1900 1218 1239 1712 1020 1133 1729 1840 1465 1642 1518 1791 1641 1414 1634 1392 1687 1878 1552 1845 1579 1867 1171 1656 1765 1925 1389 1469 1618 1083 1231 1785 1085 1845 1252 1210 1668 1138 1785 1476 1092 1831 1116 1511 1183 1986 1070 1333 1433 1794 1868 1516 1081 1375 1450 1414 1251 1023 1545 1101 1129 1143 1857 1356 1655 1976 1153 1058 1147 1099 1285 1138 1759 1904 1697 1032 1091 1026 1653 1238 1531 1830 1706 1919 1323 1449 1532 1143 1750 1595 1051 1272 1804 1092 1681 1764 1545 BCNSPRNW ULIB Ver.6.0+V

เปลี่ยนเป็นภาษาไทย

Change to English
 แสดงรายละเอียดบรรณานุกรม
  กลับหน้าหลัก

Brief Record : Get Marc (ISO 2709) : E-mail record : QR code < ปิดหน้าต่าง
LEADER : 00000nam 2200000uu 4500
001    13399126985
003     ULIB
008    190923s2559||||th 000 0 tha d
020    ^a9786165383028
060    ^aWT100^bป533ก
100    ^aปัทมาวดี สิงหจารุ
245    ^aการออกกำลังกายสำหรับผู้สูงอายุ
250    ^aพิมพ์ครั้งที่ 1
260    ^aกรุงเทพฯ :^bโอเดียนสโตร์,^c2559
300    ^a200 หน้า:^bภาพประกอบ
650    ^aการออกกำลังกาย
650    ^aผู้สูงอายุ^xการออกกำลังกาย
945    ^p160^l0^i006100
945    ^p160^l0^i006099
945    ^p160^l0^i006098
945    ^p160^l0^i006101
945    ^p160^l0^i006102
999    ^aประนอม เกษจรัล
รายการนี้ยังไม่มีแท็ก
คุณยังไม่ได้ล็อกอิน คุณสามารถมีกิจกรรมร่วมกับเว็บไซต์ได้ แต่ต้องล็อกอินก่อน ::
  ล็อกอิน

รายการสื่อสารสนเทศ

ลำดับที่ ประเภท เลขเรียก/บาร์โค้ด สถานที่ สถานะ
1. วิทยาศาสตร์การแพทย์ และสุขภาพ
วิทยาศาสตร์การแพทย์ และสุขภาพ
สถานะ=หนังสือเก่า
WT100 ป533ก ฉ.1 
  Barcode: 006098
ห้องสมุดวิทยาเขตสวรรค์ประชารักษ์
►ส่วนจัดเก็บหนังสือเก่า สปร
บนชั้น
  ขอยืม
2. วิทยาศาสตร์การแพทย์ และสุขภาพ
วิทยาศาสตร์การแพทย์ และสุขภาพ
สถานะ=หนังสือเก่า
WT100 ป533ก ฉ.2 
  Barcode: 006099
ห้องสมุดวิทยาเขตสวรรค์ประชารักษ์
►ส่วนจัดเก็บหนังสือเก่า สปร
บนชั้น
  ขอยืม
3. วิทยาศาสตร์การแพทย์ และสุขภาพ
วิทยาศาสตร์การแพทย์ และสุขภาพ
สถานะ=หนังสือเก่า
WT100 ป533ก ฉ.3 
  Barcode: 006100
ห้องสมุดวิทยาเขตสวรรค์ประชารักษ์
►ส่วนจัดเก็บหนังสือเก่า สปร
บนชั้น
  ขอยืม
4. วิทยาศาสตร์การแพทย์ และสุขภาพ
วิทยาศาสตร์การแพทย์ และสุขภาพ
สถานะ=หนังสือเก่า
WT100 ป533ก ฉ.4 
  Barcode: 006101
ห้องสมุดวิทยาเขตสวรรค์ประชารักษ์
►ส่วนจัดเก็บหนังสือเก่า สปร
บนชั้น
  ขอยืม
5. วิทยาศาสตร์การแพทย์ และสุขภาพ
วิทยาศาสตร์การแพทย์ และสุขภาพ
สถานะ=หนังสือเก่า
WT100 ป533ก ฉ.5 
  Barcode: 006102
ห้องสมุดวิทยาเขตสวรรค์ประชารักษ์
►ส่วนจัดเก็บหนังสือเก่า สปร
บนชั้น
  ขอยืม

รายการใกล้เคียง
    ชื่อเรื่อง [การออกกำลังกายสำหรับผู้สูงอายุ]

    ผู้แต่ง [ปัทมาวดี สิงหจารุ]

    หัวเรื่อง [การออกกำลังกาย]

BibComment


ยังไม่เคยถูกคอมเมนท์

คอมเมนท์ทรัพยากรรายการนี้
  คอมเมนท์: การออกกำลังกายสำ..


 Copyright 2026. Bcnsprnw @Library